Tilastot visalle Perinnöllisyyden käsitteitä

Klikkaa tästä pelataksesi tätä visaa!

Yleistilastot

  • Tätä visaa on pelattu 18 kertaa
    (16 viimeisimmän päivityksen jälkeen)
  • Keskiarvotulos 11 / 42

Vastaustilastot

HintVastaus% Oikein
Geenin vaihtoehtoinen muotoalleeli
57%
Tieteenala, joka tutkii ominaisuuksien periytymistägenetiikka
57%
Peruskromosomistoa merkitään tällä kirjaimellan
57%
Nisäkkäiden kromosomistotyyppiXY
57%
Muutos DNA:ssamutaatio
50%
DNA (koko nimi)deoksiribonukleiinihappo
43%
Ilmiasufenotyyppi
43%
Lyhyt pätkä kromosomissa, sisältää informaation proteiinisynteesiingeeni
43%
Yksilön koko perintöainesgenomi
43%
Perimätyyppi eli yksilön geenimuotojen kokonaisuusgenotyyppi
43%
Yksilö, jolla tietyn geenin alleelit ovat erilaisetheterotsygootti
43%
Yksilöä, jolla tietyn geenin alleelit ovat samalaiset, kutsutaan ominaisuuden suhteenhomotsygootiksi
43%
tai peittyvä resessiivinen
43%
Alleelin vaikutus periytymiseen voi olla joko hallitsevadominoiva
29%
Aminohappoa vastaava emäskolmikkokodoni
29%
Geenin paikka kromosomissalokus
29%
Kaksinkertaista peruskromosomistoa kutsutaan täksidiploidi
21%
Sen informaatiota sisältävä alueeksoni
21%
Yksinkertainen peruskromosomistohaploidi
21%
ja informaatiota sisältämätön alueintroni
21%
Alleelit, jotka kaksinkertaisena johtaa kuolemaanletaalitekijät
21%
(esim. Turnerin oireyhtymä)monosomia
21%
Ominaisuus, johon vaikuttaa useampi geenipolygeeninen
21%
Hyppivä geenitransposoni
21%
Yhden kromosomin poikkeamat kromosomistossa: (esim. Downin oireyhtymä)trisomia
21%
Linnuilla on tälläinen kromosomistoZW
21%
Sukusolu toiselta nimeltäängameetti
14%
Yllä olevan tyypitgeenimutaatio
14%
Välimuotoinen periytyminenintermediaarinen
14%
kromosomimutaatio
14%
kromosomistomutaatio
14%
Populaatiossa samasta geenistä on useampia alleeleja, jolloin puhutaanmultippeleista alleeleista
14%
Kromosomin osa, joka liittää kromatidit toisiinsasentromeeri
14%
Lyhyt toistuva emäsjärjestys, joiden määrä vaihtelee yksilökohtaisestitoistojakso
14%
Muu kuin sukupuolikromosomiautosomi
7%
Lajille tyypillinen määrä kromosomeja kokojärjestyksessäkaryotyyppi
7%
koodaava alue
7%
Ympäristön aiheuttama vaikutus ilmiasuunmuovautumismuuntelu
7%
Yllä oleva rakentuu näistä osistasäätelyalue
7%
Kromosomien päissä esiintyvä DNA-jaksotelomeeri
7%
Mehiläisillä puolestaan on tällainen kromosomistohaplo-diploidinen
0%
Yhteisvallitseva periytyminenkodominanssi
0%

Tulosjakauma

Persentiili vastausten määrän mukaan

Jokaisen tuloksen saaneiden osuus

Tuloshistoriasi

Et ole pelannut tätä visaa sen viimeisimmän päivityksen jälkeen